| 000 | 01451nam a2200385 i 4500 | ||
|---|---|---|---|
| 001 | 35917 | ||
| 003 | KOSZ 005 | ||
| 005 | 20220829091853.0 | ||
| 008 | 000202s1999 pl f |000 0 pol d | ||
| 020 | _a838742496X | ||
| 040 |
_cKOSZ 005 _aKOSZ005 _dKOSZ 005/HR |
||
| 046 | _k1999 | ||
| 080 | _a33(438) | ||
| 080 | _a316(438) | ||
| 080 | _a94(438) | ||
| 245 | 0 | 0 |
_aKoszalińskie Studia i Materiały. _nNr 1 / _cPolitechnika Koszalińska, Koszalińskie Towarzystwo Naukowe. |
| 260 |
_aKoszalin : _bWydawnictwo Uczelniane PK, _c1999. |
||
| 300 |
_a374 s. : _bmapy, rys. ; _c24 cm. |
||
| 336 |
_2rdacontent _aTekst _btxt |
||
| 337 |
_2rdamedia _aBez urządzenia pośredniczącego _bn |
||
| 338 |
_2rdacarrier _aWolumin _bnc |
||
| 380 | _aKsiążki | ||
| 388 | _a1901-2000 | ||
| 388 | _a1989-2000 | ||
| 651 | 4 | _aKoszalin (woj. zachodniopomorskie ; okolice) | |
| 651 | 4 | _aSłupsk (woj. pomorskie ; okolice) | |
| 658 | _aGospodarka, ekonomia, finanse | ||
| 658 | _aHistoria | ||
| 658 | _aSocjologia i społeczeństwo | ||
| 710 | 0 | _aKoszalińskie Towarzystwo Naukowe | |
| 710 | 0 | _aWydawnictwo Uczelniane (Politechnika Koszalińska) | |
| 856 |
_uhttp://koha.tu.koszalin.pl/cgi-bin/koha/opac-detail.pl?biblionumber=35917 _yKatalog online BPK |
||
| 856 |
_uhttp://dlibra.tu.koszalin.pl/dlibra/docmetadata?id=763&from=&dirids=1&ver_id=&lp=9&QI= _yBiblioteka Cyfrowa |
||
| 942 |
_cKS _2UKD |
||
| 999 |
_c35917 _d35917 |
||